Cadernos de estudos lingüísticos
| Autores Corporativos: | , |
|---|---|
| Formato: | Electrónico Revista |
| Lenguaje: | inglés francés portugués |
| Publicado: |
Campinas, SP Brasil :
IEL/UNICAMP,
1978-
|
| Materias: | |
| Acceso en línea: | Full text available from Research Library: 01/01/2011 to present |
MARC
| LEADER | 00000nas a2200000 i 4500 | ||
|---|---|---|---|
| 001 | ssj0001686231 | ||
| 003 | WaSeSS | ||
| 005 | 20200512172242.0 | ||
| 006 | m d | ||
| 007 | cr n | ||
| 008 | 100311c19789999bl fr p s 0 0eng c | ||
| 010 | |a 2015240316 | ||
| 022 | |a 0102-5767 |l 0102-5767 |y 0102-5767 | ||
| 035 | |a (WaSeSS)ssj0001686231 | ||
| 040 | |a OCLCE |b eng |e pn |c OCLCE |d OCLCS |d OCLCQ |d OCLCF |d OCLCO |d IXA |d OCLCO |d OCLCA |d WaSeSS | ||
| 041 | 0 | |a eng |a fre |a por | |
| 042 | |a dlr |a pcc | ||
| 043 | |a s-bl--- | ||
| 245 | 0 | 0 | |a Cadernos de estudos lingüísticos |h [electronic resource]. |
| 260 | |a Campinas, SP Brasil : |b IEL/UNICAMP, |c 1978- | ||
| 310 | |a Semiannual | ||
| 362 | 1 | |a Began with Número 1 (1978). | |
| 500 | |a Some issues also have theme titles. | ||
| 500 | |a EContent provider-neutral record in process. | ||
| 506 | |a License restrictions may limit access. | ||
| 538 | |a Master and use copy. Digital master created according to Benchmark for Faithful Digital Reproductions of Monographs and Serials, Version 1. Digital Library Federation, December 2002. |u http://purl.oclc.org/DLF/benchrepro0212 |5 MiAaHDL | ||
| 546 | |a English and Portuguese; some French; abstracts in English and Portuguese. | ||
| 583 | 1 | |a digitized |c 2010 |h HathiTrust Digital Library |l committed to preserve |5 MiAaHDL |2 pda | |
| 588 | |a Description based on: Número 1 (1978); title from HTML header (publisher's Web site, viewed June 26, 2015). | ||
| 588 | |a Latest issue consulted: 56/1 (jan./jun. 2014) (viewed June 26, 2015). | ||
| 650 | 0 | |a Linguistics |v Periodicals. | |
| 650 | 0 | |a Portuguese language |z Brazil |v Periodicals. | |
| 650 | 0 | |a Portuguese language |v Periodicals. | |
| 650 | 0 | |a Language and languages |v Periodicals. | |
| 650 | 6 | |a Linguistique |v Périodiques. | |
| 650 | 7 | |a Language and languages. |2 fast |0 (OCoLC)fst00992154 | |
| 650 | 7 | |a Linguistics. |2 fast |0 (OCoLC)fst00999202 | |
| 650 | 7 | |a Portuguese language. |2 fast |0 (OCoLC)fst01072441 | |
| 651 | 7 | |a Brazil. |2 fast |0 (OCoLC)fst01206830 | |
| 655 | 0 | |a Electronic journals. | |
| 710 | 2 | |a Universidade Estadual de Campinas. |b Departamento de Lingüística. | |
| 710 | 2 | |a Universidade Estadual de Campinas. |b Instituto de Estudos da Linguagem. | |
| 776 | 0 | 8 | |i Print version: |t Cadernos de estudos lingüísticos |w (DLC) 85647879 |w (OCoLC)11620607 |
| 856 | 4 | 0 | |z Full text available from Research Library: 01/01/2011 to present |u https://search.proquest.com/publication/2040307 |